[Event "Hong Kong op"]
[Site "Hong Kong"]
[Date "2023.12.29"]
[Round "9"]
[White "Song, Sichen"]
[Black "Liu, Ho Yin"]
[Result "1/2-1/2"]
[WhiteElo "1156"]
[BlackElo "1468"]
[PlyCount "51"]
[EventDate "2023.12.24"]
[EventType "swiss"]
[EventRounds "9"]
[EventCountry "HKG"]
[SourceTitle "CB01_2024"]
[SourceDate "2024.01.03"]
[SourceVersion "1"]
[SourceVersionDate "2024.01.03"]
[SourceQuality "1"]

1. d4 Nf6 2. c4 e6 3. Nf3 d5 4. Nc3 c5 5. Bf4 Nc6 6. e3 dxc4 7. Bxc4 a6 8. dxc5 Qxd1+ 9. Rxd1 Bxc5 10. 0-0 b5 11. Nxb5 axb5 12. Bxb5 Bb7 13. Ne5 Rc8 14. Rc1 Ne4 15. b4 g5 16. Bxg5 0-0 17. Bxc6 Bxc6 18. Bh6 Rfd8 19. Nxc6 Rxc6 20. bxc5 e5 21. f3 Nd2 22. Rfd1 Rxh6 23. h3 Ra6 24. Kf2 Rxa2 25. Ke1 Rd3 26. Ke2 1/2-1/2

[Event "Hong Kong op"]
[Site "Hong Kong"]
[Date "2023.12.28"]
[Round "8"]
[White "Londono, Diego"]
[Black "Song, Sichen"]
[Result "0-1"]
[WhiteElo "1638"]
[BlackElo "1156"]
[PlyCount "26"]
[EventDate "2023.12.24"]
[EventType "swiss"]
[EventRounds "9"]
[EventCountry "HKG"]
[SourceTitle "CB01_2024"]
[SourceDate "2024.01.03"]
[SourceVersion "1"]
[SourceVersionDate "2024.01.03"]
[SourceQuality "1"]

1. e4 e5 2. Nf3 Nc6 3. Bc4 Nf6 4. Ng5 d5 5. exd5 Na5 6. Bb5+ c6 7. dxc6 bxc6 8. Ba4 Bc5 9. c3 Bxf2+ 10. Kxf2 Ng4+ 11. Kg3 f5 12. h3 f4+ 13. Kf3 Qd3# 0-1

[Event "Hong Kong op"]
[Site "Hong Kong"]
[Date "2023.12.26"]
[Round "5"]
[White "Song, Sichen"]
[Black "Dang, Letian"]
[Result "1-0"]
[WhiteElo "1156"]
[BlackElo "1304"]
[PlyCount "109"]
[EventDate "2023.12.24"]
[EventType "swiss"]
[EventRounds "9"]
[EventCountry "HKG"]
[SourceTitle "CB01_2024"]
[SourceDate "2024.01.03"]
[SourceVersion "1"]
[SourceVersionDate "2024.01.03"]
[SourceQuality "1"]

1. d4 d5 2. c4 c6 3. Bf4 dxc4 4. e3 b5 5. a4 Qa5+ 6. Nc3 b4 7. Ne4 b3+ 8. Qd2 Qb6 9. Bxc4 Bf5 10. Nc3 Nf6 11. f3 Na6 12. e4 Be6 13. Bd3 Nb4 14. Nge2 Nh5 15. Be3 Rd8 16. 0-0 g6 17. a5 Qb7 18. Na4 Nxd3 19. Qxd3 Bg7 20. Nc5 Qb4 21. Rfc1 0-0 22. Ra4 Qb8 23. Nxe6 fxe6 24. Rxc6 Be5 25. Ng3 Bxg3 26. hxg3 Qxg3 27. Bf2 Qxg2+ 28. Kxg2 Nf4+ 29. Kg3 Nxd3 30. Rc3 Nxb2 31. Rb4 Nd1 32. Rcxb3 Nxf2 33. Kxf2 h5 34. Ke3 Rd7 35. Rb5 Rfd8 36. Rb7 Kf7 37. Kf4 Kf6 38. e5+ Kf7 39. Kg5 h4 40. Kxh4 Rxd4+ 41. Kg3 R8d7 42. a6 Ke8 43. Rc3 Ra4 44. Rc8+ Rd8 45. Rcc7 Rxa6 46. Rxe7+ Kf8 47. Kg4 Rd5 48. Rec7 Ke8 49. Rh7 Ra4+ 50. Kg3 Rd7 51. Rhxd7 Rb4 52. Rxa7 Rb1 53. Rh7 Rg1+ 54. Kf2 Ra1 55. Rh8# 1-0